Statystyki dla Dni Tygodnia w 15 sekund

Kliknij tutaj aby rozwiązać quiz!

Ogólne statystyki

  • Ten quiz został rozwiązany 223 razy
  • Średni wynik to 6 z 7

Statystyki odpowiedzi

LiczbaOdpowiedź% Poprawnych
1.Poniedziałek
99%
2.Wtorek
97%
3.Środa
95%
4.Czwartek
88%
5.Piątek
86%
6.Sobota
74%
7.Niedziela
51%

Rozkład punktacji

Percentyl według liczby udzielonych odpowiedzi

Procent ludzi z każdym wynikiem

Twoja historia wyników

Nie rozwiązałeś tego quizu